书目信息 |
| 题名: |
化学史简明教程
|
|
| 作者: | 郭保章 , 董德沛 著 | |
| 分册: | ||
| 出版信息: | 北京 北京师范大学出版社 1985.06 |
|
| 页数: | 490页 | |
| 开本: | 19cm | |
| 丛书名: | ||
| 单 册: | ||
| 中图分类: | O6-09 | |
| 科图分类: | ||
| 主题词: | 化学--理论 , 化学--方法 | |
| 电子资源: | ||
| ISBN: | 7-303-00119-0 | |
| 000 | 00580nam0 2200205 45 | |
| 001 | 0405200837 | |
| 005 | 20060731112154.23 | |
| 010 | @a7-303-00119-0@dCNY2.40 | |
| 100 | @a20040520d1985 km y0chiy0120 ea | |
| 101 | 0 | @achi |
| 200 | 1 | @a化学史简明教程@AHua Xue Shi Jian Ming Jiao Cheng@f郭保章,董德沛著@FGuo Bao Zhang,Dong De Pei Zhu |
| 210 | @a北京@c北京师范大学出版社@d1985.06 | |
| 215 | @a490页@d19cm | |
| 606 | 0 | @a化学@x理论 |
| 606 | 0 | @a化学@x方法 |
| 690 | @aO6-09@v3 | |
| 701 | 0 | @a郭保章@4著 |
| 701 | 0 | @a董德沛@4著 |
| 801 | @aCN@bPftUser@c20060731 | |
| 905 | @dO6-09@e167 | |
| 化学史简明教程/郭保章,董德沛著.-北京:北京师范大学出版社,1985.06 |
| 490页;19cm |
| ISBN 7-303-00119-0:CNY2.40 |
| ● |
| 相关链接 |
|
|
|
|
正题名:化学史简明教程
索取号:O6-09/167
 
预约/预借
| 序号 | 登录号 | 条形码 | 馆藏地/架位号 | 状态 | 备注 |
| 1 | 0432088 | 204320886 | 密集书库/ [索取号:O6-09/167] | 在馆 | |
| 2 | 0443031 | 204430311 | 密集书库/ [索取号:O6-09/167] | 在馆 | |
| 3 | 0443032 | 204430320 | 密集书库/ [索取号:O6-09/167] | 在馆 | |
| 4 | 0443033 | 204430339 | 密集书库/ [索取号:O6-09/167] | 在馆 |